000 00303nam a2200109Ia 4500
008 220713s9999 xx 000 0 und d
020 _a0 795905246
082 _aAF JOUB
100 _aJoubert, Junita
_9107634
245 0 _aOM DIE LIEFDE TE EIEN
942 _cBK
_w561
_xJohn Tresidder
_y
_zCRON CRON
999 _c713186
_d713185